<The> Rise of Multinationals in Continental Europe

Guardado en:
Detalles Bibliográficos
Otros Autores: Jones, Geoffrey, Schröter, Harm G.
Formato: Libro
Lenguaje:inglés
Publicado: Aldershot Edward Elgar Publ. 1993
Edición:1. ed.
Colección:<The> New Business History Series
Materias:
Etiquetas: Agregar Etiqueta
Sin Etiquetas, Sea el primero en etiquetar este registro!

MARC

LEADER 00000nam a2200000 4500
001 c020152
005 20221206075000.4
020 |a 1-85278-544-6 
041 0 |a eng 
044 |a GB 
245 1 0 |a <The> Rise of Multinationals in Continental Europe  |c Edit. Geoffrey Jones, Harm G. Schröter 
250 |a 1. ed. 
264 1 |a Aldershot  |b Edward Elgar Publ.  |c 1993 
300 |a 217 s. 
490 1 |a <The> New Business History Series 
830 0 |a <The> New Business History Series 
610 2 0 |a podnik multinacionálny 
610 2 0 |a podnikanie medzinárodné 
610 2 0 |a spoločnosti nadnárodné 
610 2 0 |a dejiny hospodárske 
610 2 0 |a priemysel 
610 2 0 |a internacionalizácia ekonomiky 
610 2 0 |a internacionalizácia výroby 
610 2 0 |a porovnanie medzinárodné 
610 2 0 |a Európa 
700 1 |a Jones, Geoffrey 
700 1 |a Schröter, Harm G.